000 01008cam a2200253 i 4500
999 _c57926
_d57926
001 19593604
005 20210401125901.0
008 170412s2011 nyu b 001 0 eng d
020 _a9780545168762
041 _aeng
080 _a376.2+364 B-78
100 1 _aBoroson, Barbara
_eauthor.
_910974
245 1 0 _aAutism spectrum disorder in the inclusive classroom /
_cBarbara Boroson.
250 _a2nd edition.
264 1 _aNew York :
_bScholastic,
_c2011.
300 _a224 pages ;
_c28 cm.
500 _a"How to reach & teach students with ASD"--Cover.
650 0 _aChildren with autism spectrum disorders
_xEducation
_zUnited States.
_910975
650 0 _aInclusive education
_zUnited States.
_910976
653 _aაუტიზმის სპექტრის აშლილობა ინკლუზიურ კლასში
653 _aპედაგოგიკა
700 1 _aBoroson, Barbara.
_tAutism spectrum disorders in the mainstream classroom.
_910977
942 _2udc
_cBK